000 00471nam a22001817a 4500
003 NUST - PNEC
005 20170116180907.0
008 150902b xxu||||| |||| 00| 0 eng d
020 _a024049603
040 _cLIBRARY
082 _a620.1064 SAB
100 _96749
_aSabersky, Rolf H.
245 _aFluid flow : a first course in fluid mechanics
_cRolf H.Sabersky
250 _a3rd ed.
260 _cc.1989
650 _96758
_aFluid mechanics
_xME
942 _2ddc
_cBK
999 _c65139
_d65139